1669 1265 1971 1821 1639 1642 1334 1249 1589 1934 1176 1101 1088 1400 1890 1335 1292 1358 1060 1998 1815 1768 1275 1093 1672 1241 1867 1850 1552 1653 1830 1000 1588 1383 1537 1347 1019 1500 1133 1159 1620 1652 1742 1442 1751 1736 1082 1701 1095 1318 1465 1984 1782 1779 1077 1719 1338 1185 1873 1374 1722 1203 1847 1474 1990 1574 1458 1939 1042 1154 1655 1819 1244 1072 1632 1740 1555 1158 1848 1344 1424 1291 1477 1122 1947 1640 1150 1593 1462 1511 1110 1447 1194 1068 1237 1880 1331 1544 1400 BCNSPRNW ULIB Ver.6.0+V

เปลี่ยนเป็นภาษาไทย

Change to English
 แสดงรายละเอียดบรรณานุกรม
  กลับหน้าหลัก

Brief Record : Get Marc (ISO 2709) : E-mail record : QR code < ปิดหน้าต่าง
LEADER : 00000nas 2200000uu 4500
001    13399124438
003     ULIB
008    150720s||||||||th 000 0 tha d
022 0  ^a0859-3949
110 1  ^aวิทยาลัยพยาบาลบรมราชชนนีพะเยา
245 00 ^aวารสารการพยาบาล การสาธารณสุข และการศึกษา/^cวิทยาลัยพยาบาลบรมราชชนนีพะเยา
246 0  ^aNursing Public Health and Education Journal
310    ^aรายสี่เดือน
850 ^a ULIB^bปีที่ 15 ฉบับที่ 3 ฉ.1 ;ปีที่ 18 ฉบับที่ 1 ฉ.1
945    ^p0^l0^i903148
945    ^p0^l0^i905820
999    ^aเกษร โพธิ์สุวรรณ
รายการนี้ยังไม่มีแท็ก
คุณยังไม่ได้ล็อกอิน คุณสามารถมีกิจกรรมร่วมกับเว็บไซต์ได้ แต่ต้องล็อกอินก่อน ::
  ล็อกอิน

รายการสื่อสารสนเทศ (วารสาร)

ดูแบบ: กล่อง รายการ
ARRIVED
ปีที่ 15 ฉบับที่ 3 ฉ.1
สถานที่: ห้องสมุดวิทยาเขตสวรรค์ประชารักษ์ >วารสาร
ARRIVED
ปีที่ 18 ฉบับที่ 1 ฉ.1
สถานที่: ห้องสมุดวิทยาเขตสวรรค์ประชารักษ์ >วารสาร

BibComment


ยังไม่เคยถูกคอมเมนท์

คอมเมนท์ทรัพยากรรายการนี้
  คอมเมนท์: วารสารการพยาบาล ..


 Copyright 2026. Bcnsprnw @Library